[Event "Nottinghamshire Centenary"]
[Site "Nottingham"]
[Date "2023.11.01"]
[Round "5.2"]
[White "Krzywda, Andrzej"]
[Black "Trost, Edvin"]
[Result "0-1"]
[WhiteElo "2210"]
[BlackElo "2442"]
[PlyCount "64"]
[EventDate "2023.10.30"]
[EventType "tourn"]
[EventRounds "9"]
[EventCountry "ENG"]
[EventCategory "6"]
[SourceTitle "BritBase"]
[Source "John Saunders"]
[SourceDate "2023.11.11"]
[SourceVersion "1"]
[SourceVersionDate "2023.11.11"]
[SourceQuality "1"]

1. e4 e5 2. Nf3 Nc6 3. Bb5 a6 4. Ba4 d6 5. O-O Bg4 6. h3 h5 7. Bxc6+ bxc6 8. d4
Qf6 9. Nbd2 g5 10. Re1 Be6 11. d5 Bd7 12. Nc4 g4 13. Ng5 gxh3 14. gxh3 Qg6 15.
Kh2 Bh6 16. h4 Ne7 17. a4 cxd5 18. exd5 Qf5 19. Kg1 Bxg5 20. hxg5 Ng6 21. Qd4
Ne7 22. Qd1 h4 23. Ra3 h3 24. f4 Rh4 25. Qe2 Ng6 26. Rf3 Kf8 27. Ne3 Qe4 28. f5
h2+ 29. Kh1 Rf4 30. fxg6 Rxf3 31. Qg2 Bh3 32. Qxh2 Rf1# 0-1

[Event "Nottinghamshire Centenary"]
[Site "Nottingham"]
[Date "2023.11.01"]
[Round "5.3"]
[White "Hebden, Mark L"]
[Black "Willow, Jonah B"]
[Result "1/2-1/2"]
[WhiteElo "2443"]
[BlackElo "2425"]
[PlyCount "95"]
[EventDate "2023.10.30"]
[EventType "tourn"]
[EventRounds "9"]
[EventCountry "ENG"]
[EventCategory "6"]
[SourceTitle "BritBase"]
[Source "John Saunders"]
[SourceDate "2023.11.11"]
[SourceVersion "1"]
[SourceVersionDate "2023.11.11"]
[SourceQuality "1"]

1. d4 Nf6 2. Nf3 d5 3. c4 e6 4. Nc3 dxc4 5. e4 Bb4 6. Bxc4 Nxe4 7. O-O Nxc3 8.
bxc3 Be7 9. Ne5 O-O 10. Qg4 Nc6 11. Bh6 Bf6 12. Rae1 Ne7 13. f4 c5 14. Bg5 Nf5
15. dxc5 Bxg5 16. fxg5 Qa5 17. Qh3 Qxc5+ 18. Kh1 b5 19. Bd3 Qc7 20. Bxb5 Bb7
21. Bc4 Rad8 22. Rxf5 exf5 23. g6 hxg6 24. Nxg6 Bxg2+ 25. Qxg2 Rfe8 26. Rxe8+
Rxe8 27. Qd5 Rd8 28. Qb5 a6 29. Qxa6 Rd2 30. Qc8+ Qxc8 31. Ne7+ Kf8 32. Nxc8
Rc2 33. Nd6 Rxc3 34. Bb3 f4 35. Nxf7 Ke7 36. Ng5 Re3 37. Kg2 Kf6 38. h4 Kf5 39.
Be6+ Kg6 40. Nh3 Kh5 41. Nxf4+ Kxh4 42. Kf2 Rc3 43. Ng2+ Kg5 44. Ne3 Ra3 45.
Bb3 Kf4 46. Nd5+ Ke5 47. Nb6 Ra6 48. Nc4+ 1/2-1/2

[Event "Nottinghamshire Centenary"]
[Site "Nottingham"]
[Date "2023.11.01"]
[Round "5.4"]
[White "Derakhshani, Borna"]
[Black "Wadsworth, Matthew J"]
[Result "1/2-1/2"]
[WhiteElo "2358"]
[BlackElo "2446"]
[PlyCount "61"]
[EventDate "2023.10.30"]
[EventType "tourn"]
[EventRounds "9"]
[EventCountry "ENG"]
[EventCategory "6"]
[SourceTitle "BritBase"]
[Source "John Saunders"]
[SourceDate "2023.11.11"]
[SourceVersion "1"]
[SourceVersionDate "2023.11.11"]
[SourceQuality "1"]

1. c3 e5 2. d3 d5 3. d4 Nd7 4. dxe5 Nxe5 5. Nf3 Nxf3+ 6. exf3 c6 7. Bd3 Bd6 8.
O-O Qc7 9. Re1+ Ne7 10. h4 O-O 11. h5 h6 12. Nd2 Bd7 13. Nf1 Rae8 14. Bc2 f5
15. g3 f4 16. g4 g6 17. hxg6 h5 18. Nh2 Qd8 19. Bd2 hxg4 20. fxg4 Nxg6 21. Bxg6
Rxe1+ 22. Qxe1 f3 23. g5 Qc7 24. Nf1 Bc8 25. Qb1 Qd7 26. Bh5 Qh3 27. Qg6+ Kh8
28. Qh6+ Kg8 29. Qg6+ Kh8 30. Qh6+ Kg8 31. Qg6+ 1/2-1/2

[Event "Nottinghamshire Centenary"]
[Site "Nottingham"]
[Date "2023.11.01"]
[Round "5.5"]
[White "Gasanov, Eldar"]
[Black "Beerdsen, Thomas"]
[Result "1-0"]
[WhiteElo "2478"]
[BlackElo "2496"]
[PlyCount "119"]
[EventDate "2023.10.30"]
[EventType "tourn"]
[EventRounds "9"]
[EventCountry "ENG"]
[EventCategory "6"]
[SourceTitle "BritBase"]
[Source "John Saunders"]
[SourceDate "2023.11.11"]
[SourceVersion "1"]
[SourceVersionDate "2023.11.11"]
[SourceQuality "1"]

1. c4 e6 2. Nc3 d5 3. d4 Nf6 4. Bg5 Be7 5. e3 O-O 6. Nf3 h6 7. Bh4 dxc4 8. Bxc4
b6 9. O-O Bb7 10. Qe2 Nbd7 11. Rfd1 Ne4 12. Nxe4 Bxe4 13. Bg3 Nf6 14. Rac1 Bd6
15. Ne5 Qe7 16. Bb5 Rad8 17. Bc6 Bf5 18. e4 Bh7 19. Bh4 g5 20. Bg3 a5 21. Rc3
Bb4 22. Rcd3 Bd6 23. h4 Kh8 24. hxg5 hxg5 25. f4 Bxe5 26. fxe5 Nd7 27. d5 exd5
28. exd5 Bxd3 29. Rxd3 Kg7 30. Re3 Qc5 31. Qf3 f6 32. e6 Ne5 33. Bxe5 Qc1+ 34.
Kh2 Rh8+ 35. Kg3 Rh3+ 36. Kxh3 Qh1+ 37. Bh2 Rh8+ 38. Kg3 Rxh2 39. e7 Rh3+ 40.
gxh3 Qg1+ 41. Qg2 Qxe3+ 42. Kh2 Qe5+ 43. Kg1 Qe1+ 44. Qf1 Qxe7 45. Qf2 Qe4 46.
a3 Qd3 47. Kh2 Qe4 48. Qd2 Qe5+ 49. Kg2 Qe4+ 50. Kg1 Qb1+ 51. Kh2 Qe4 52. Bd7
Kh6 53. Bg4 f5 54. Be2 Qe5+ 55. Kg2 Kg6 56. Bf3 a4 57. Qe2 Qf4 58. Bh5+ Kh6 59.
Be8 g4 60. Qe6+ 1-0

[Event "Nottinghamshire Centenary"]
[Site "Nottingham"]
[Date "2023.11.01"]
[Round "6.1"]
[White "Kanyamarala, Tarun"]
[Black "Beerdsen, Thomas"]
[Result "1/2-1/2"]
[WhiteElo "2329"]
[BlackElo "2496"]
[PlyCount "61"]
[EventDate "2023.10.30"]
[EventType "tourn"]
[EventRounds "9"]
[EventCountry "ENG"]
[EventCategory "6"]
[SourceTitle "BritBase"]
[Source "John Saunders"]
[SourceDate "2023.11.11"]
[SourceVersion "1"]
[SourceVersionDate "2023.11.11"]
[SourceQuality "1"]

1. d4 d5 2. c4 c6 3. Nc3 Nf6 4. e3 e6 5. Nf3 Nbd7 6. Bd3 dxc4 7. Bxc4 b5 8. Bb3
Bb7 9. O-O a6 10. e4 c5 11. e5 c4 12. Bc2 Nd5 13. Ne4 h6 14. Bd2 Rc8 15. Qe1
Qb6 16. Ba5 Qc6 17. Nfd2 Be7 18. a3 O-O 19. f4 f5 20. exf6 N7xf6 21. Nf3 Nxf4
22. Ne5 Qd5 23. Rxf4 Qxd4+ 24. Nf2 Qxf4 25. Ng6 Qg5 26. Qxe6+ Rf7 27. Nxe7+ Kh8
28. Ng6+ Kg8 29. Ne7+ Kh8 30. Ng6+ Kg8 31. Ne7+ 1/2-1/2

[Event "Nottinghamshire Centenary"]
[Site "Nottingham"]
[Date "2023.11.01"]
[Round "6.2"]
[White "Wadsworth, Matthew J"]
[Black "Gasanov, Eldar"]
[Result "0-1"]
[WhiteElo "2446"]
[BlackElo "2478"]
[PlyCount "128"]
[EventDate "2023.10.30"]
[EventType "tourn"]
[EventRounds "9"]
[EventCountry "ENG"]
[EventCategory "6"]
[SourceTitle "BritBase"]
[Source "John Saunders"]
[SourceDate "2023.11.11"]
[SourceVersion "1"]
[SourceVersionDate "2023.11.11"]
[SourceQuality "1"]

1. c4 e5 2. g3 Nc6 3. Nc3 Bc5 4. Bg2 a6 5. Nf3 d6 6. e3 Ba7 7. a3 Nf6 8. d3 O-O
9. O-O h6 10. h3 Be6 11. Qc2 Ne7 12. b4 Ng6 13. Bb2 c6 14. c5 dxc5 15. Na4 cxb4
16. axb4 Nd5 17. Nxe5 Nxb4 18. Qc3 Nxe5 19. Qxe5 Qg5 20. Qc3 Nd5 21. Qc2 Bxe3
22. fxe3 Nxe3 23. Qf2 Nxf1 24. Rxf1 Bd5 25. Bxd5 cxd5 26. Nb6 Rad8 27. Bd4 Qg6
28. Qf3 Rfe8 29. h4 h5 30. Kg2 f6 31. Rc1 Qf7 32. Rc2 Rd6 33. Bf2 d4 34. Rb2
Rdd8 35. Rb4 Rd6 36. Nc4 Rd7 37. Rxb7 Rxb7 38. Nd6 Qd7 39. Nxe8 Rb5 40. Qe4 Re5
41. Nxf6+ gxf6 42. Qa8+ Re8 43. Qxa6 Qd5+ 44. Kh2 Re6 45. Qc8+ Kg7 46. Qc7+ Kg6
47. Qb8 Re2 48. Kg1 Kf5 49. Qc8+ Kg6 50. Qb8 Re7 51. Qf8 Ra7 52. Qe8+ Kg7 53.
Qe1 Kf7 54. Qd1 Ra2 55. Qc1 Kg6 56. Qe1 Qe5 57. Qc1 Qe2 58. Qf1 Qf3 59. Be1
Qxf1+ 60. Kxf1 Kf5 61. Bf2 Rd2 62. Bxd4 Rxd3 63. Bf2 Kg4 64. Ke2 Rxg3 0-1

[Event "Nottinghamshire Centenary"]
[Site "Nottingham"]
[Date "2023.11.01"]
[Round "6.3"]
[White "Willow, Jonah B"]
[Black "Derakhshani, Borna"]
[Result "1/2-1/2"]
[WhiteElo "2425"]
[BlackElo "2358"]
[PlyCount "79"]
[EventDate "2023.10.30"]
[EventType "tourn"]
[EventRounds "9"]
[EventCountry "ENG"]
[EventCategory "6"]
[SourceTitle "BritBase"]
[Source "John Saunders"]
[SourceDate "2023.11.11"]
[SourceVersion "1"]
[SourceVersionDate "2023.11.11"]
[SourceQuality "1"]

1. e4 e6 2. d4 d5 3. Nd2 c5 4. exd5 Qxd5 5. Ngf3 cxd4 6. Bc4 Qd7 7. O-O Nf6 8.
Nb3 Nc6 9. Qe2 a6 10. a4 Bd6 11. Rd1 Qc7 12. Nbxd4 O-O 13. Nxc6 Qxc6 14. b3 b6
15. Ne5 Qc7 16. Bb2 Bb7 17. Bd3 Rfd8 18. c4 Rac8 19. Rac1 a5 20. h3 Qe7 21. Ba1
h6 22. Bc2 Ba3 23. Rb1 Bc5 24. Nd3 Bd4 25. Nf4 Bxa1 26. Rxa1 Qc5 27. Rxd8+ Rxd8
28. Rd1 Rd4 29. Nd3 Qd6 30. f3 Nd7 31. Nf2 Nc5 32. Qe3 Rxd1+ 33. Nxd1 e5 34.
Nc3 Ne6 35. Be4 Bxe4 36. Nxe4 Qd1+ 37. Kh2 Qd4 38. Qe1 Nc5 39. Nxc5 Qxc5 40.
Qe4 1/2-1/2

[Event "Nottinghamshire Centenary"]
[Site "Nottingham"]
[Date "2023.11.01"]
[Round "6.4"]
[White "Trost, Edvin"]
[Black "Hebden, Mark L"]
[Result "1-0"]
[WhiteElo "2442"]
[BlackElo "2443"]
[PlyCount "79"]
[EventDate "2023.10.30"]
[EventType "tourn"]
[EventRounds "9"]
[EventCountry "ENG"]
[EventCategory "6"]
[SourceTitle "BritBase"]
[Source "John Saunders"]
[SourceDate "2023.11.11"]
[SourceVersion "1"]
[SourceVersionDate "2023.11.11"]
[SourceQuality "1"]

1. d4 Nf6 2. c4 g6 3. Nc3 Bg7 4. e4 d6 5. Be2 O-O 6. h4 c5 7. d5 b5 8. cxb5 a6
9. bxa6 Qa5 10. Bd2 Bxa6 11. a4 Nbd7 12. Nb5 Qb6 13. Qb1 e6 14. dxe6 fxe6 15.
Nf3 d5 16. exd5 exd5 17. O-O Rae8 18. Re1 Ng4 19. Ng5 Rxe2 20. Rxe2 Bxb5 21.
axb5 Qxb5 22. Qe1 Qxb2 23. Ra4 Bd4 24. Bf4 Bxf2+ 25. Qxf2 Qb5 26. Qf3 Qb1+ 27.
Qf1 Qxf1+ 28. Kxf1 Nb6 29. Rea2 d4 30. g3 Ne3+ 31. Ke2 Ned5 32. Ra6 c4 33. Rd2
d3+ 34. Kf3 Nxf4 35. gxf4 Nd5 36. Ke4 Nb4 37. Rd6 Re8+ 38. Kd4 Re2 39. Rd1 Rf2
40. Kxc4 1-0

[Event "Nottinghamshire Centenary"]
[Site "Nottingham"]
[Date "2023.11.01"]
[Round "6.5"]
[White "Khandelwal, Ankush"]
[Black "Krzywda, Andrzej"]
[Result "1/2-1/2"]
[WhiteElo "2309"]
[BlackElo "2210"]
[PlyCount "90"]
[EventDate "2023.10.30"]
[EventType "tourn"]
[EventRounds "9"]
[EventCountry "ENG"]
[EventCategory "6"]
[SourceTitle "BritBase"]
[Source "John Saunders"]
[SourceDate "2023.11.11"]
[SourceVersion "1"]
[SourceVersionDate "2023.11.11"]
[SourceQuality "1"]

1. e4 e5 2. Nf3 Nf6 3. Nxe5 d6 4. Nf3 Nxe4 5. Nc3 Nxc3 6. dxc3 Be7 7. Bf4 O-O
8. Qd2 Nd7 9. O-O-O Nc5 10. h4 Re8 11. Ng5 Bf6 12. Bc4 Be6 13. Nxe6 Nxe6 14.
Be3 Qe7 15. g4 g6 16. g5 Bg7 17. h5 Rad8 18. hxg6 hxg6 19. Bxe6 Qxe6 20. Kb1
Qf5 21. Bd4 c5 22. Bxg7 Kxg7 23. f4 Rh8 24. b4 b6 25. Rxh8 Rxh8 26. Qxd6 Rh4
27. bxc5 bxc5 28. Rd5 Qxf4 29. Qxf4 Rxf4 30. Rxc5 Kf8 31. Ra5 f6 32. gxf6 Rxf6
33. Rxa7 g5 34. Ra5 Rg6 35. Rf5+ Ke7 36. Kc1 Ke6 37. Rf1 Kd5 38. Kd2 g4 39. Kd3
g3 40. Rg1 g2 41. a4 Rg3+ 42. Kd2 Ke4 43. Ke2 Rxc3 44. Rxg2 Rxc2+ 45. Kf1 Rxg2
1/2-1/2

[Event "Nottinghamshire Centenary"]
[Site "Nottingham"]
[Date "2023.11.02"]
[Round "7.1"]
[White "Krzywda, Andrzej"]
[Black "Kanyamarala, Tarun"]
[Result "1/2-1/2"]
[WhiteElo "2210"]
[BlackElo "2329"]
[PlyCount "238"]
[EventDate "2023.10.30"]
[EventType "tourn"]
[EventRounds "9"]
[EventCountry "ENG"]
[EventCategory "6"]
[SourceTitle "BritBase"]
[Source "John Saunders"]
[SourceDate "2023.11.11"]
[SourceVersion "1"]
[SourceVersionDate "2023.11.11"]
[SourceQuality "1"]

1. e4 c5 2. Nf3 Nc6 3. d4 cxd4 4. Nxd4 Nf6 5. Nc3 d6 6. Bg5 e6 7. Qd2 a6 8.
O-O-O Be7 9. Bxf6 gxf6 10. f4 Bd7 11. f5 b5 12. fxe6 fxe6 13. Qh6 Qb6 14. Qg7
Rf8 15. Nxc6 Bxc6 16. Re1 Ra7 17. Be2 Qc5 18. Qxh7 f5 19. Qg6+ Kd7 20. exf5
Qxf5 21. Qxf5 Rxf5 22. Bg4 Bg5+ 23. Kb1 Rf6 24. Rxe6 Rxe6 25. Re1 Bxg2 26. Rxe6
Kc6 27. Rg6 Bh4 28. Be2 Bd5 29. Rh6 Be1 30. Nxd5 Kxd5 31. a3 Rf7 32. Rh8 Rf4
33. Re8 Bd2 34. h3 Rf2 35. Bd3 Rh2 36. Bf5 Kc5 37. Ka2 Rf2 38. Bd3 Rh2 39. Rh8
Be1 40. Kb3 Bg3 41. Rh5+ Be5 42. h4 Rh1 43. Ka2 Rg1 44. Rh7 Rg7 45. Rh8 Rg4 46.
Rc8+ Kb6 47. h5 Rh4 48. Bg6 Rh3 49. Rf8 Kc5 50. Rf7 a5 51. Rc7+ Kb6 52. Rc8 Kb7
53. Rf8 b4 54. Rf3 Rxf3 55. Be4+ Kb6 56. Bxf3 Kc5 57. h6 Bf6 58. Kb3 Be5 59. h7
Bg7 60. Be2 Bf6 61. Bd3 Bg7 62. Bg6 Bf6 63. Bf7 Bg7 64. Ka2 Kd4 65. Kb3 Kc5 66.
Be8 Bf6 67. a4 Bg7 68. Bf7 Bf6 69. Bg8 Bg7 70. Be6 Bf6 71. Bc8 Bg7 72. Bd7 Bf6
73. Bf5 Bg7 74. Bg4 Bf6 75. Bh3 Bg7 76. Bg2 Bf6 77. Bh1 Bg7 78. Be4 Bf6 79. Bb7
Bg7 80. Ba6 Bf6 81. Bb5 Bg7 82. Bd3 Bf6 83. Be2 Bg7 84. Bf1 Bf6 85. Ka2 Kd4 86.
Kb1 Ke3 87. Bh3 Kd2 88. Bf5 Bg7 89. Bg6 Bf6 90. Be4 Bg7 91. Bd3 Bf6 92. Bb5 Bg7
93. Be8 Bh8 94. Bg6 Bf6 95. Ka2 Bg7 96. Kb3 Bf6 97. Kc4 Bxb2 98. Bf5 Be5 99.
Bg6 Kc1 100. Kb3 Bg7 101. Bf5 Bf6 102. Bd3 Be5 103. Ba6 Kd2 104. Bc8 Kc1 105.
Be6 Kd2 106. Bf7 Kc1 107. Bg6 Kd2 108. Kc4 Bg7 109. Bf5 Bf6 110. Kb5 Bc3 111.
Bg6 Kc1 112. Kb6 Kd2 113. Bf5 Kc1 114. h8=Q Bxh8 115. Kxa5 Bc3 116. Kb5 Kb2
117. Kc4 d5+ 118. Kxd5 b3 119. cxb3 Kxb3 1/2-1/2

[Event "Nottinghamshire Centenary"]
[Site "Nottingham"]
[Date "2023.11.02"]
[Round "7.2"]
[White "Hebden, Mark L"]
[Black "Khandelwal, Ankush"]
[Result "0-1"]
[WhiteElo "2443"]
[BlackElo "2309"]
[PlyCount "114"]
[EventDate "2023.10.30"]
[EventType "tourn"]
[EventRounds "9"]
[EventCountry "ENG"]
[EventCategory "6"]
[SourceTitle "BritBase"]
[Source "John Saunders"]
[SourceDate "2023.11.11"]
[SourceVersion "1"]
[SourceVersionDate "2023.11.11"]
[SourceQuality "1"]

1. d4 Nf6 2. Nf3 g6 3. g3 Bg7 4. Bg2 O-O 5. O-O d6 6. c4 Nbd7 7. Nc3 e5 8. e4
Re8 9. d5 Nc5 10. Ne1 a5 11. b3 Nfd7 12. Rb1 f5 13. f3 Nb6 14. Nd3 Nxd3 15.
Qxd3 Nd7 16. Be3 b6 17. Rbe1 Nc5 18. Qd2 Bd7 19. Bg5 Bf6 20. f4 Bxg5 21. fxg5
Rf8 22. Rf2 Qe7 23. Ref1 Rf7 24. h4 Raf8 25. Qe3 fxe4 26. Bxe4 Bh3 27. Rxf7
Rxf7 28. Rxf7 Qxf7 29. Bf3 Qf5 30. Qe2 Qf7 31. Nd1 Bf5 32. Nf2 Kg7 33. Kg2 Bb1
34. Bg4 h5 35. gxh6+ Kxh6 36. a3 a4 37. b4 Nb3 38. Be6 Qe7 39. Ng4+ Kh7 40. Qe3
Qf8 41. Qg5 Nd4 42. Qf6 Qxf6 43. Nxf6+ Kh6 44. Ne8 Nc2 45. c5 Nxb4 46. cxb6
cxb6 47. Nxd6 Kg7 48. Kf2 Nc2 49. Nc4 Kf6 50. g4 b5 51. g5+ Ke7 52. Nxe5 Nxa3
53. Bf7 Nc4 54. d6+ Kxd6 55. Nxc4+ bxc4 56. Bxc4 a3 57. Kg3 Bf5 0-1

[Event "Nottinghamshire Centenary"]
[Site "Nottingham"]
[Date "2023.11.02"]
[Round "7.3"]
[White "Derakhshani, Borna"]
[Black "Trost, Edvin"]
[Result "1/2-1/2"]
[WhiteElo "2358"]
[BlackElo "2442"]
[PlyCount "36"]
[EventDate "2023.10.30"]
[EventType "tourn"]
[EventRounds "9"]
[EventCountry "ENG"]
[EventCategory "6"]
[SourceTitle "BritBase"]
[Source "John Saunders"]
[SourceDate "2023.11.11"]
[SourceVersion "1"]
[SourceVersionDate "2023.11.11"]
[SourceQuality "1"]

1. e4 c6 2. Nc3 d5 3. Nf3 dxe4 4. Nxe4 Nf6 5. Qe2 Nxe4 6. Qxe4 Nd7 7. c3 Nf6 8.
Qc2 Qa5 9. d4 Bf5 10. Bd3 Bxd3 11. Qxd3 e6 12. Bf4 Be7 13. O-O O-O 14. b4 Qa4
15. Rfb1 Rfd8 16. Rb3 Nd5 17. Bc1 Nb6 18. Bg5 Re8 1/2-1/2

[Event "Nottinghamshire Centenary"]
[Site "Nottingham"]
[Date "2023.11.02"]
[Round "7.4"]
[White "Gasanov, Eldar"]
[Black "Willow, Jonah B"]
[Result "1/2-1/2"]
[WhiteElo "2478"]
[BlackElo "2425"]
[PlyCount "21"]
[EventDate "2023.10.30"]
[EventType "tourn"]
[EventRounds "9"]
[EventCountry "ENG"]
[EventCategory "6"]
[SourceTitle "BritBase"]
[Source "John Saunders"]
[SourceDate "2023.11.11"]
[SourceVersion "1"]
[SourceVersionDate "2023.11.11"]
[SourceQuality "1"]

1. d4 Nf6 2. c4 e6 3. Nc3 Bb4 4. Nf3 c5 5. e3 Bxc3+ 6. bxc3 d6 7. Bd3 Nc6 8.
Nd2 e5 9. O-O O-O 10. Bb2 Re8 11. Qc2 1/2-1/2

[Event "Nottinghamshire Centenary"]
[Site "Nottingham"]
[Date "2023.11.02"]
[Round "7.5"]
[White "Beerdsen, Thomas"]
[Black "Wadsworth, Matthew J"]
[Result "1-0"]
[WhiteElo "2496"]
[BlackElo "2446"]
[PlyCount "115"]
[EventDate "2023.10.30"]
[EventType "tourn"]
[EventRounds "9"]
[EventCountry "ENG"]
[EventCategory "6"]
[SourceTitle "BritBase"]
[Source "John Saunders"]
[SourceDate "2023.11.11"]
[SourceVersion "1"]
[SourceVersionDate "2023.11.11"]
[SourceQuality "1"]

1. e4 e5 2. Nf3 Nc6 3. Bc4 Nf6 4. d4 exd4 5. e5 d5 6. Bb5 Nd7 7. O-O Be7 8.
Bxc6 bxc6 9. Nxd4 Nb8 10. Qf3 c5 11. Ne2 Nc6 12. Nbc3 Be6 13. Qg3 Qd7 14. b3 h5
15. h4 Nb4 16. Bf4 d4 17. Na4 Qb5 18. c4 Qc6 19. a3 Nc2 20. Ra2 Qe4 21. Nc1 f6
22. Nd3 fxe5 23. Bxe5 Bxh4 24. Qf3 Qxf3 25. gxf3 Bf5 26. Naxc5 Be7 27. Ne4 Nxa3
28. Rfa1 O-O 29. Rxa3 Bxa3 30. Rxa3 Rae8 31. Bxc7 Bxe4 32. fxe4 Rxe4 33. Ra1
Rg4+ 34. Kf1 h4 35. c5 h3 36. Bd6 Rf6 37. Ke2 Re4+ 38. Kd2 g5 39. Bg3 Rfe6 40.
Rxa7 Re2+ 41. Kd1 R2e3 42. Kd2 Re2+ 43. Kc1 Rh6 44. Bh2 g4 45. Kd1 Re8 46. Ra4
g3 47. Bxg3 h2 48. Bxh2 Rxh2 49. Rxd4 Ra8 50. Kc2 Ra2+ 51. Kc3 Kf7 52. c6 Rh6
53. c7 Ra8 54. Rd8 Rh8 55. Ne5+ Ke6 56. Nc6 Rc8 57. Rxh8 Rxh8 58. Na7 1-0

[Event "Nottinghamshire Centenary"]
[Site "Nottingham"]
[Date "2023.11.02"]
[Round "8.1"]
[White "Kanyamarala, Tarun"]
[Black "Wadsworth, Matthew J"]
[Result "1/2-1/2"]
[WhiteElo "2329"]
[BlackElo "2446"]
[PlyCount "20"]
[EventDate "2023.10.30"]
[EventType "tourn"]
[EventRounds "9"]
[EventCountry "ENG"]
[EventCategory "6"]
[SourceTitle "BritBase"]
[Source "John Saunders"]
[SourceDate "2023.11.11"]
[SourceVersion "1"]
[SourceVersionDate "2023.11.11"]
[SourceQuality "1"]

1. d4 d5 2. c4 c6 3. cxd5 cxd5 4. Bf4 Nc6 5. e3 Nf6 6. Nc3 Bf5 7. Bd3 Bxd3 8.
Qxd3 e6 9. Nf3 Bd6 10. Bxd6 Qxd6 1/2-1/2

[Event "Nottinghamshire Centenary"]
[Site "Nottingham"]
[Date "2023.11.02"]
[Round "8.2"]
[White "Willow, Jonah B"]
[Black "Beerdsen, Thomas"]
[Result "1/2-1/2"]
[WhiteElo "2425"]
[BlackElo "2496"]
[PlyCount "64"]
[EventDate "2023.10.30"]
[EventType "tourn"]
[EventRounds "9"]
[EventCountry "ENG"]
[EventCategory "6"]
[SourceTitle "BritBase"]
[Source "John Saunders"]
[SourceDate "2023.11.11"]
[SourceVersion "1"]
[SourceVersionDate "2023.11.11"]
[SourceQuality "1"]

1. e4 c6 2. d4 d5 3. e5 c5 4. Nf3 Nc6 5. dxc5 Bg4 6. c3 e6 7. Be3 Nge7 8. Bb5
a6 9. Ba4 Bxf3 10. Qxf3 Qc7 11. Bd4 g6 12. Qf6 Rg8 13. Qf3 Bg7 14. O-O Bxe5 15.
Bxe5 Qxe5 16. Nd2 Kf8 17. Rfe1 Qg5 18. Rad1 Kg7 19. c4 Rgd8 20. cxd5 exd5 21.
b4 Qf6 22. a3 Nf5 23. Bxc6 bxc6 24. Nb3 Re8 25. Na5 Rxe1+ 26. Rxe1 Re8 27. Qd1
Re4 28. h3 Rf4 29. Qd2 Nd4 30. Re3 Nf5 31. Re1 Nd4 32. Re3 Nf5 1/2-1/2

[Event "Nottinghamshire Centenary"]
[Site "Nottingham"]
[Date "2023.11.02"]
[Round "8.3"]
[White "Trost, Edvin"]
[Black "Gasanov, Eldar"]
[Result "1/2-1/2"]
[WhiteElo "2442"]
[BlackElo "2478"]
[PlyCount "39"]
[EventDate "2023.10.30"]
[EventType "tourn"]
[EventRounds "9"]
[EventCountry "ENG"]
[EventCategory "6"]
[SourceTitle "BritBase"]
[Source "John Saunders"]
[SourceDate "2023.11.11"]
[SourceVersion "1"]
[SourceVersionDate "2023.11.11"]
[SourceQuality "1"]

1. e4 c5 2. Nf3 Nc6 3. d4 cxd4 4. Nxd4 g6 5. c4 Nf6 6. Nc3 d6 7. Be2 Nxd4 8.
Qxd4 Bg7 9. O-O O-O 10. Qd3 a5 11. Be3 a4 12. Rad1 Qa5 13. f4 Bd7 14. Bd4 Bc6
15. Nd5 Nxd5 16. cxd5 Bxd4+ 17. Qxd4 Bb5 18. Bxb5 Qxb5 19. Rc1 Rac8 20. h3
1/2-1/2

[Event "Nottinghamshire Centenary"]
[Site "Nottingham"]
[Date "2023.11.02"]
[Round "8.5"]
[White "Krzywda, Andrzej"]
[Black "Hebden, Mark L"]
[Result "0-1"]
[WhiteElo "2210"]
[BlackElo "2443"]
[PlyCount "90"]
[EventDate "2023.10.30"]
[EventType "tourn"]
[EventRounds "9"]
[EventCountry "ENG"]
[EventCategory "6"]
[SourceTitle "BritBase"]
[Source "John Saunders"]
[SourceDate "2023.11.11"]
[SourceVersion "1"]
[SourceVersionDate "2023.11.11"]
[SourceQuality "1"]

1. e4 e5 2. Nf3 Nc6 3. Bb5 a6 4. Ba4 Nf6 5. O-O Be7 6. Re1 b5 7. Bb3 O-O 8. a4
Bb7 9. d3 d6 10. h3 Na5 11. Ba2 c5 12. Nbd2 bxa4 13. Nf1 Bc8 14. Nh4 Rb8 15.
Nf5 Ne8 16. Qf3 Bg5 17. N1e3 Nc6 18. c3 g6 19. Ng3 Na5 20. Ngf1 Kh8 21. g4 Nc7
22. Qd1 Nb3 23. Bxb3 axb3 24. Ra3 Be6 25. Nd2 f5 26. Ndc4 Bxe3 27. Nxe3 Qh4 28.
Ng2 Qxh3 29. Bg5 f4 30. f3 Bxg4 31. Rf1 Rbe8 32. Rxb3 Bc8 33. Rb8 Ne6 34. Rxc8
Nxg5 35. Rc6 Rd8 36. Rxa6 Qg3 37. Kh1 d5 38. exd5 Rxd5 39. Qe2 Rf5 40. d4 e4
41. Ra8+ Kg7 42. Ra7+ Kh6 43. Ne1 Nxf3 44. Nxf3 exf3 45. Qe7 Qg2# 0-1

[Event "Nottinghamshire Centenary"]
[Site "Nottingham"]
[Date "2023.11.03"]
[Round "9.1"]
[White "Hebden, Mark L"]
[Black "Kanyamarala, Tarun"]
[Result "1/2-1/2"]
[WhiteElo "2443"]
[BlackElo "2329"]
[PlyCount "109"]
[EventDate "2023.10.30"]
[EventType "tourn"]
[EventRounds "9"]
[EventCountry "ENG"]
[EventCategory "6"]
[SourceTitle "BritBase"]
[Source "John Saunders"]
[SourceDate "2023.11.11"]
[SourceVersion "1"]
[SourceVersionDate "2023.11.11"]
[SourceQuality "1"]

1. d4 Nf6 2. Nf3 d5 3. c4 e6 4. Nc3 c5 5. cxd5 Nxd5 6. e3 Nc6 7. Bd3 Be7 8. O-O
O-O 9. a3 cxd4 10. exd4 Bf6 11. Be4 Nce7 12. Qb3 b6 13. Ng5 g6 14. Bxd5 Nxd5
15. Nge4 Bg7 16. Bg5 f6 17. Bh4 Bb7 18. f3 Qd7 19. Rfe1 f5 20. Ng5 Bxd4+ 21.
Kh1 Bf6 22. Nxe6 Bxh4 23. Nxf8 Kxf8 24. Red1 Rd8 25. Rd3 Qe6 26. Qc4 Bf6 27.
Rad1 Re8 28. Rxd5 Qe1+ 29. Qf1 Qxf1+ 30. Rxf1 Bxd5 31. Nxd5 Bxb2 32. a4 Rc8 33.
g3 Rc5 34. Rd1 Ra5 35. Nf4 Rxa4 36. Rd7 Kg8 37. Rb7 Ra2 38. Ne6 Bf6 39. Nc7 Be5
40. Nd5 Bd4 41. Rd7 Ba1 42. Rb7 Bd4 43. Ne7+ Kf8 44. Nc6 Bf2 45. Nxa7 f4 46.
gxf4 Be3 47. Rxh7 Bxf4 48. h4 Bg3 49. Rb7 Bxh4 50. Nc8 Bg3 51. Nxb6 Kg8 52. Nd5
Bh4 53. Rb6 Kg7 54. Nf4 Bf6 55. Nd5 1/2-1/2

[Event "Nottinghamshire Centenary"]
[Site "Nottingham"]
[Date "2023.11.03"]
[Round "9.2"]
[White "Derakhshani, Borna"]
[Black "Krzywda, Andrzej"]
[Result "1-0"]
[WhiteElo "2358"]
[BlackElo "2210"]
[PlyCount "77"]
[EventDate "2023.10.30"]
[EventType "tourn"]
[EventRounds "9"]
[EventCountry "ENG"]
[EventCategory "6"]
[SourceTitle "BritBase"]
[Source "John Saunders"]
[SourceDate "2023.11.11"]
[SourceVersion "1"]
[SourceVersionDate "2023.11.11"]
[SourceQuality "1"]

1. Nf3 d5 2. c4 e6 3. e3 Nf6 4. Nc3 Nbd7 5. b3 Bd6 6. Bb2 O-O 7. g3 Re8 8. Bg2
dxc4 9. bxc4 e5 10. d3 Nc5 11. O-O Bf5 12. e4 Bg4 13. h3 Bxf3 14. Qxf3 c6 15.
Ne2 Qe7 16. Rad1 Rad8 17. Qe3 Ne6 18. Qc1 Nc5 19. Qb1 Nfd7 20. f4 f6 21. Kh1
Nf8 22. d4 exd4 23. Nxd4 Qf7 24. e5 Be7 25. Qc2 Nfd7 26. Nf5 fxe5 27. fxe5 Qg6
28. Qe2 Bf8 29. g4 Re6 30. Qf2 Qe8 31. Bd4 b6 32. Ba1 g6 33. Nd4 Bg7 34. Nxe6
Qxe6 35. Rd6 Qxc4 36. e6 Bxa1 37. Qf7+ Kh8 38. e7 Qxf7 39. exd8=Q+ 1-0